A farkasszimbólum jelentésváltozásai Alfred de Vigny A farkas halála és Pilinszky János Fabula című művének tükrében

Elmentve itt :
Bibliográfiai részletek
Szerző: Czeglédi Lili
További közreműködők: Vigny Alfred de
Pilinszky János
Dokumentumtípus: Könyv része
Megjelent: Szegedi Tudományegyetem Bölcsészettudományi Kar, Összehasonlító Irodalomtudományi Tanszék Szeged 2024
Sorozat:Szövegek között 26
Szövegek között 26. 26
Kulcsszavak:Francia irodalom története - 19. sz., Magyar irodalom története - 20. sz.
Tárgyszavak:
Online Access:http://acta.bibl.u-szeged.hu/89949
LEADER 01005naa a2200229 i 4500
001 acta89949
005 20260323111414.0
008 260323s2024 hu o 000 hun d
040 |a SZTE Egyetemi Kiadványok Repozitórium  |b hun 
041 |a hun 
100 1 |a Czeglédi Lili 
245 1 2 |a A farkasszimbólum jelentésváltozásai Alfred de Vigny A farkas halála és Pilinszky János Fabula című művének tükrében  |h [elektronikus dokumentum] /  |c  Czeglédi Lili 
260 |a Szegedi Tudományegyetem Bölcsészettudományi Kar, Összehasonlító Irodalomtudományi Tanszék  |b Szeged  |c 2024 
300 |a 117-167 
490 0 |a Szövegek között  |v 26 
490 0 |a Szövegek között 26.  |v 26 
650 4 |a Bölcsészettudományok 
650 4 |a Nyelvek és irodalom 
695 |a Francia irodalom története - 19. sz., Magyar irodalom története - 20. sz. 
700 0 1 |a Vigny Alfred de 
700 0 1 |a Pilinszky János 
856 4 0 |u http://acta.bibl.u-szeged.hu/89949/1/szovegek_026_117-167.pdf  |z Dokumentum-elérés